| 000 | 00669nam a2200193 4500 | ||
|---|---|---|---|
| 001 | 113438 | ||
| 003 | ES-MaACL | ||
| 005 | 20230906185907.0 | ||
| 007 | t| | ||
| 008 | 061121s1967 sp r ||||1| spa d | ||
| 100 | 1 |
_aPablo _bVI _cPapa, Santo. _9168351 |
|
| 245 | 1 | 0 |
_aSacerdotalis caelibatus _b: Carta encíclica a los obispos, a los hermanos en el sacerdocio y a los fieles de todo el mundo católico / _cpapa Pablo VI. |
| 260 |
_aSalamanca : _bSígueme, _c1967. |
||
| 300 |
_a83 p. ; _c19 cm. |
||
| 490 | 1 |
_aDocumentos pontificios ; _v20 |
|
| 830 | 0 |
_aDocumentos pontificios ; _v20 _9185731 |
|
| 852 |
_aES-MaACL _jC-32637 _bR.63547 |
||
| 999 |
_c113438 _d113438 |
||